000 00454nam a2200193Ia 4500
003 GCL
008 140319s9999 xx 000 0 eng d
040 _aGCL /
_cGCL
082 0 4 _aP
_b050
_bTT
100 1 _aTHE STUDIO LIMITED
245 1 0 _aTHE STUDIO /
_cTHE STUDIO LIMITED
260 _a[S.N] :
_bTHE STUDIO
300 _a109
650 0 4 _aART
650 0 4 _aDECORATION ART
650 0 4 _aMUSEUM OF ARTS
650 0 4 _aMODERN ART
942 _2ddc
_cCR
999 _c25825
_d25825